000
00287nam a22001337a 4500
008
180226b xxu||||| |||| 00| 0 eng d
020
_a
9780805382846
041
_a
eng
080
_a
37
100
_a
25
101
_a
EDU
245
_a
Get ready for A&P
_c
Garrett,L.K
942
_2
udc
_c
BK
999
_c
43504
_d
43504